000 00523nam a2200193 a 4500
001 1768117515743
003 YourLibrary
005 20260112125814.0
008 260111s1992##################000#0#eng##
020 _a9780521422888
082 0 4 _a302.224
_bDUR
100 1 _aDuranti, Alessandro,
_eauthor.
245 1 0 _aRethinking Context :
260 _bCambridge University Press,
_c1992.
300 _a376 pages
650 0 _aLanguage Arts & Disciplines.
942 _cENGLISH
040 _aYourLibrary
_beng
_cYourLibrary
999 _c608268
_d608268